000 00551nam a2200193 i 4500
001 44823
003 ES-MaACL
005 20230906161112.0
007 t|
008 030324s1976 sp ||||1| spa d
245 0 0 _aCódigo penal anotado /
_cRaul Carrancá y Trujillo Carrancá y Rivas.
250 _a6ª ed.
260 _aMéxico :
_bPorrúa,
_c1976.
300 _a810 p. ;
_c23 cm.
700 1 _aCarrancá y Trujillo, Raul.
_935491
700 1 _aCarranca y Rivas, Raul.
_9195458
852 _aES-MaACL
_jA-10746
_bR.100048
999 _c44823
_d44823